000 01012cab a2200265 4500
001 WB3428-14
008 090401t1998 xxu||||| |||| 00| 0 eng d
035 _a(Sirsi) u87595
041 _aeng
245 _a`Hybrid` PFI deals
260 _c1998
350 _a0
490 _aFinancial Times
_v23 July 1998, 8(1)
520 _aHealth ministers are considering launching a `hybrid` version of the private finance initiative to tackle the big delays and cost over-runs that have plagued NHS hospital building. The new arrangement would mean that private sector would take on financing, building and designing hospitals but not building maintenance and services such as catering and cleaning.
650 _aRefurbishment
_96264
650 _aDEPARTMENT OF HEALTH
650 _aHEALTH SECTOR
650 _aHOSPITAL BUILDING
650 _aHYBRID
650 _aPFI
650 _aPRIVATE FINANCE INITIATIVE
690 _aPROPERTY-PROPERTY FINANCE AND INVESTMENT
942 _n0
948 _c23/07/1998
999 _c55257
_d55257